[Event "Int. Stuttgarter Stadtmeisterschaft A"]
[Site "Ditzingen"]
[Date "2018.05.10"]
[Round "2.38"]
[White "Huels, Maximilian"]
[Black "Schiegg, Peter"]
[Result "1/2-1/2"]
[WhiteElo "1824"]
[BlackElo "1975"]
[PlyCount "57"]
[EventDate "2018.??.??"]
[WhiteTeam "SV Mattnetz Berlin"]
[BlackTeam "SF Bad Grönenbach"]

1. e4 e6 2. d3 c5 3. Qe2 Nc6 4. c3 d6 5. g3 Nf6 6. Bg2 Be7 7. Nf3 O-O 8. O-O
Rb8 9. h3 b5 10. Kh2 a5 11. Rh1 Ba6 12. Kg1 b4 13. g4 Nd7 14. Ne1 Bh4 15. Nd2
Nde5 16. Ndf3 Nxf3+ 17. Nxf3 Ne5 18. c4 Nxf3+ 19. Qxf3 a4 20. Bf4 a3 21. b3 Qf6
22. Rb1 Rbd8 23. Be3 Bb7 24. Qxf6 Bxf6 25. f4 Bc3 26. Rd1 Bd4 27. Bxd4 cxd4 28.
Re1 f6 29. Kh2 1/2-1/2

[Event "Int. Stuttgarter Stadtmeisterschaft A"]
[Site "Ditzingen"]
[Date "2018.05.10"]
[Round "2.39"]
[White "Schmitz, Nico"]
[Black "Ruff, Robert"]
[Result "1-0"]
[WhiteElo "1969"]
[BlackElo "1806"]
[PlyCount "93"]
[EventDate "2018.??.??"]
[WhiteTeam "SF Konz-Karthaus"]
[BlackTeam "SK Sachsenheim"]

1. e4 e6 2. d4 d5 3. exd5 exd5 4. Bd3 Nc6 5. c3 Bd6 6. Ne2 Qh4 7. Nd2 Bg4 8.
Qb3 Nge7 9. Nf3 Qh5 10. Neg1 O-O 11. Be3 Bf5 12. Be2 f6 13. Nd2 Qe8 14. g4 Bg6
15. h4 Na5 16. Qd1 f5 17. Nb3 Nc4 18. Bxc4 dxc4 19. Nc5 Nd5 20. Qe2 Nxe3 21.
fxe3 Bg3+ 22. Kd2 b5 23. Rf1 Qc6 24. Qf3 Qd6 25. g5 f4 26. e4 Rad8 27. Kc1 b4
28. h5 Be8 29. Nb7 Qe7 30. Nxd8 Qxd8 31. Ne2 Qxg5 32. h6 g6 33. Kb1 bxc3 34.
Nxg3 c2+ 35. Kxc2 Ba4+ 36. Kb1 Rb8 37. Qxf4 Qe7 38. Qe5 Rxb2+ 39. Ka1 Qxe5 40.
dxe5 Rg2 41. e6 Be8 42. e5 c3 43. e7 Bf7 44. e6 Rxa2+ 45. Kxa2 Bxe6+ 46. Ka3
Bf7 47. Ne4 1-0

[Event "Int. Stuttgarter Stadtmeisterschaft A"]
[Site "Ditzingen"]
[Date "2018.05.10"]
[Round "2.40"]
[White "Partik, Markus"]
[Black "Giebler, Kai"]
[Result "1/2-1/2"]
[WhiteElo "1958"]
[BlackElo "1788"]
[Annotator "Microsoft"]
[PlyCount "127"]
[EventDate "2018.??.??"]
[WhiteTeam "TSV Münchingen"]
[BlackTeam "TSF Ditzingen"]

1. c4 e6 2. Nc3 Nf6 3. b3 d5 4. e3 Be7 5. Bb2 O-O 6. Qc2 b6 7. Be2 Bb7 8. Nf3
c5 9. Rg1 Nc6 10. a3 d4 11. exd4 cxd4 12. Ne4 e5 13. Bd3 h6 14. g4 Nxg4 15.
Rxg4 f5 16. Rg3 fxe4 17. Bxe4 Bf6 18. Bd5+ Kh8 19. Qe4 Qd7 20. d3 Na5 21. Bxb7
Qxb7 22. Qxb7 Nxb7 23. O-O-O Nc5 24. b4 Nd7 25. Kc2 a5 26. Rdg1 Rf7 27. R3g2
axb4 28. axb4 Be7 29. Nd2 Bxb4 30. Ne4 Be7 31. Rf1 Nc5 32. Nxc5 Bxc5 33. f3
Raf8 34. Rg3 Bd6 35. Rh3 Ra7 36. f4 Bc5 37. Rhf3 Raf7 38. Bc1 exf4 39. Rxf4
Rxf4 40. Rxf4 Rxf4 41. Bxf4 Kh7 42. Kd2 g5 43. Bc7 Kg6 44. Ke2 Kf5 45. Kf3 h5
46. h3 Ke6 47. Ke4 g4 48. hxg4 hxg4 49. Kf4 Kd7 50. Be5 Kc6 51. Kxg4 b5 52.
cxb5+ Kxb5 53. Kf3 Kc6 54. Ke4 Kd7 55. Kd5 Be7 56. Bxd4 Bh4 57. Be5 Be1 58. Ke4
Bf2 59. Kd5 Be1 60. Ke4 Bf2 61. Bf4 Bb6 62. Be3 Ba5 63. Bd4 Bd2 64. Kd5 {Remis
nach weiteren Zügen} 1/2-1/2

[Event "Int. Stuttgarter Stadtmeisterschaft A"]
[Site "Ditzingen"]
[Date "2018.05.10"]
[Round "2.41"]
[White "Peters, Theresa"]
[Black "Gheng, Dominik"]
[Result "1/2-1/2"]
[WhiteElo "1815"]
[BlackElo "1939"]
[PlyCount "75"]
[EventDate "2018.??.??"]
[WhiteTeam "SG KK Hohentübingen"]
[BlackTeam "Schach-Kids Bernhausen"]

1. e4 e5 2. Nf3 Nc6 3. Bb5 a6 4. Ba4 Nf6 5. O-O b5 6. Bb3 Bc5 7. d3 d6 8. a3
O-O 9. h3 Be6 10. Bxe6 fxe6 11. b4 Bb6 12. Bg5 d5 13. Nc3 Bd4 14. Nxd4 exd4 15.
Ne2 dxe4 16. dxe4 h6 17. Bxf6 Qxf6 18. Ng3 Ne5 19. a4 Nc4 20. axb5 axb5 21.
Rxa8 Rxa8 22. Qh5 Qg5 23. Rd1 e5 24. Qxg5 hxg5 25. c3 dxc3 26. Rc1 Ra4 27. Rxc3
Rxb4 28. Nf5 g6 29. Ne7+ Kf7 30. Nd5 Rb1+ 31. Kh2 c6 32. Rf3+ Kg7 33. Nc7 Nd6
34. Ne6+ Kh7 35. Nf8+ Kg7 36. Ne6+ Kh7 37. Nf8+ Kg7 38. Ne6+ 1/2-1/2

[Event "Int. Stuttgarter Stadtmeisterschaft A"]
[Site "Ditzingen"]
[Date "2018.05.10"]
[Round "2.42"]
[White "Döserich, Jürgen"]
[Black "Recker, Martin"]
[Result "1-0"]
[WhiteElo "2010"]
[BlackElo "1879"]
[PlyCount "77"]
[EventDate "2018.??.??"]
[WhiteTeam "Schw. Pumpe Freiburg"]
[BlackTeam "SF Freiberg"]

1. d4 Nf6 2. c4 g6 3. Nc3 d5 4. cxd5 Nxd5 5. e4 Nxc3 6. bxc3 Bg7 7. Nf3 c5 8.
Be3 Nc6 9. Qd2 Bg4 10. d5 Bxf3 11. gxf3 Qa5 12. Rc1 Ne5 13. Be2 O-O 14. f4 Nd7
15. c4 Qxd2+ 16. Kxd2 b6 17. h4 e5 18. f5 gxf5 19. exf5 Nf6 20. Rhg1 Kh8 21.
Rg2 Rg8 22. Bf3 h6 23. Kd3 Kh7 24. Rcg1 Rae8 25. Be4 Rd8 26. f3 Rde8 27. Kc3
Kh8 28. a4 a5 29. Rb1 Rb8 30. Kd3 Bf8 31. Rgb2 Nd7 32. f6 Nxf6 33. Rxb6 Rxb6
34. Rxb6 Nxe4 35. Kxe4 Rg6 36. Rxg6 fxg6 37. Kxe5 Be7 38. Bxh6 Bxh4 39. Be3 1-0

[Event "Int. Stuttgarter Stadtmeisterschaft A"]
[Site "Ditzingen"]
[Date "2018.05.11"]
[Round "3.1"]
[White "Ortmann, David"]
[Black "Turov, Maxim"]
[Result "0-1"]
[WhiteElo "2322"]
[BlackElo "2602"]
[PlyCount "80"]
[EventDate "2018.??.??"]
[WhiteTeam "SC Böblingen"]

1. Nf3 Nf6 2. c4 e6 3. Nc3 Bb4 4. Qc2 b6 5. a3 Bxc3 6. Qxc3 Bb7 7. g3 a5 8. b3
d6 9. Bg2 Nbd7 10. O-O O-O 11. d3 e5 12. e4 Nc5 13. Bb2 Qe8 14. Nh4 Nfd7 15. f4
f6 16. f5 Qf7 17. Qc2 a4 18. b4 Nb3 19. Rad1 Ba6 20. Nf3 b5 21. cxb5 Bxb5 22.
Qxc7 Ra6 23. Qb7 Rb6 24. Qd5 Qxd5 25. exd5 Rc8 26. Rf2 Rb7 27. Nd2 Nxd2 28.
Rdxd2 Nb6 29. Rc2 Rxc2 30. Rxc2 Bxd3 31. Rc6 Kf7 32. Rxd6 Nc4 33. Rc6 Nxb2 34.
d6 Bxf5 35. Bd5+ Ke8 36. g4 Rb5 37. Rc5 Rxc5 38. bxc5 Bxg4 39. c6 Nd3 40. c7
Kd7 0-1

[Event "Int. Stuttgarter Stadtmeisterschaft A"]
[Site "Ditzingen"]
[Date "2018.05.11"]
[Round "3.2"]
[White "Kryakvin, Dmitry"]
[Black "Kabisch, Thilo"]
[Result "1-0"]
[WhiteElo "2573"]
[BlackElo "2315"]
[PlyCount "95"]
[EventDate "2018.??.??"]
[BlackTeam "SK Schmiden/Cannstatt"]

1. d4 Nf6 2. Bg5 d5 3. e3 Nbd7 4. Nd2 h6 5. Bf4 c5 6. c3 g6 7. h3 Bg7 8. Ngf3
O-O 9. Be2 b6 10. a4 a6 11. O-O Bb7 12. Ne5 Ne8 13. Nxd7 Qxd7 14. a5 Qc6 15.
axb6 Qxb6 16. Qb3 Qc6 17. dxc5 Nc7 18. Nf3 Ne6 19. Nd4 Nxc5 20. Nxc6 Nxb3 21.
Nxe7+ Kh7 22. Ra3 Nc5 23. Rd1 Rfd8 24. Bf3 Rd7 25. Nxd5 Bxd5 26. Rxd5 Rxd5 27.
Bxd5 Rd8 28. Bxf7 Rd1+ 29. Kh2 Rd2 30. Ra5 g5 31. Bc7 Bf8 32. b4 Rd7 33. bxc5
Rxc7 34. Bc4 Bxc5 35. Rxa6 Bf8 36. Bd3+ Kg7 37. c4 Rd7 38. Be4 Bd6+ 39. g3 Bf8
40. Bd5 Rd8 41. Ra7+ Kf6 42. Kg2 Ke5 43. Ra6 Rd6 44. Ra8 Rf6 45. f4+ gxf4 46.
gxf4+ Kf5 47. Kf3 h5 48. e4+ 1-0

[Event "Int. Stuttgarter Stadtmeisterschaft A"]
[Site "Ditzingen"]
[Date "2018.05.11"]
[Round "3.3"]
[White "Degenhard, Simon"]
[Black "Ikonnikov, Vyacheslav"]
[Result "0-1"]
[WhiteElo "2189"]
[BlackElo "2541"]
[PlyCount "106"]
[EventDate "2018.??.??"]
[WhiteTeam "Heilbronner SV"]

1. d4 Nf6 2. Nf3 e6 3. e3 b6 4. Bd3 Bb7 5. O-O c5 6. c4 d6 7. Nc3 Nbd7 8. b3
Be7 9. Bb2 a6 10. Qe2 O-O 11. Rfd1 Re8 12. Rac1 Bf8 13. Bb1 Rc8 14. h3 g6 15.
Rd2 Qc7 16. Rcd1 Qb8 17. a3 Qa8 18. b4 Bxf3 19. gxf3 cxb4 20. axb4 d5 21. c5 a5
22. bxa5 bxc5 23. dxc5 Qxa5 24. e4 Bxc5 25. exd5 Bb4 26. dxe6 Rxe6 27. Ne4 Bxd2
28. Nxf6+ Nxf6 29. Qxd2 Qxd2 30. Rxd2 Re1+ 31. Kg2 Rxb1 32. Bxf6 Rb6 33. Be5
Rb5 34. Bf6 Rf5 35. Rd6 g5 36. Bd4 Kf8 37. Kg3 h5 38. Rh6 Rc4 39. Be3 Kg7 40.
Rxh5 f6 41. h4 gxh4+ 42. Rxh4 Rxf3+ 43. Kxf3 Rxh4 44. Kg3 Ra4 45. Bb6 Kg6 46.
Bd8 Kf5 47. f3 Rc4 48. Be7 Ke5 49. Bd8 Rc8 50. Be7 f5 51. Ba3 f4+ 52. Kg4 Rg8+
53. Kh4 Rg3 0-1

[Event "Int. Stuttgarter Stadtmeisterschaft A"]
[Site "Ditzingen"]
[Date "2018.05.11"]
[Round "3.4"]
[White "Maiorov, Nikita"]
[Black "Cofmann, Veaceslav"]
[Result "1-0"]
[WhiteElo "2532"]
[BlackElo "2183"]
[PlyCount "101"]
[EventDate "2018.??.??"]
[BlackTeam "Karlsruher SF"]

1. d4 e6 2. c4 c5 3. d5 Nf6 4. Nc3 exd5 5. cxd5 Bd6 6. Nf3 O-O 7. Bg5 Re8 8. e3
a6 9. a4 Bc7 10. Be2 d6 11. O-O Bg4 12. Nd2 Bxe2 13. Qxe2 Nbd7 14. Rfd1 Rb8 15.
Bh4 Ba5 16. Nc4 Bxc3 17. bxc3 Qc7 18. a5 Ne4 19. Rdc1 b5 20. axb6 Nxb6 21. Rxa6
Nxd5 22. Qd3 Nexc3 23. Bg3 Nb4 24. Qxc3 Nxa6 25. Nxd6 Qd7 26. Nxe8 Rxe8 27. h3
Qd5 28. Qa5 Re6 29. Qa1 h6 30. Rd1 Qe4 31. Rd8+ Kh7 32. Rd7 Rf6 33. Kh2 Nb4 34.
Qc3 Qf5 35. Rd8 Ra6 36. Qc4 Re6 37. Rd7 Kg8 38. Qb5 Rc6 39. Qb8+ Kh7 40. Qe8 f6
41. Qe7 Qg6 42. Qf8 Ra6 43. Rd8 Qf5 44. Qg8+ Kg6 45. Qe8+ Kh7 46. Bd6 Ra7 47.
f4 Qc2 48. e4 Qa4 49. Qe6 Kg6 50. Qf5+ Kf7 51. Rf8# 1-0

[Event "Int. Stuttgarter Stadtmeisterschaft A"]
[Site "Ditzingen"]
[Date "2018.05.11"]
[Round "3.5"]
[White "Maisch, Julian"]
[Black "Zuferi, Enis"]
[Result "1/2-1/2"]
[WhiteElo "2184"]
[BlackElo "2342"]
[PlyCount "56"]
[EventDate "2018.??.??"]
[WhiteTeam "SF Kornwestheim"]
[BlackTeam "Heilbronner SV"]

1. e4 e5 2. Nf3 Nc6 3. Bb5 a6 4. Ba4 Nf6 5. O-O Be7 6. d3 b5 7. Bb3 O-O 8. Re1
d6 9. c3 Be6 10. Bc2 Rb8 11. Nbd2 Re8 12. d4 exd4 13. cxd4 Bg4 14. Nf1 Nb4 15.
Bb1 c5 16. d5 a5 17. a3 Na6 18. a4 Nb4 19. Ne3 Bd7 20. e5 dxe5 21. Nxe5 bxa4
22. Nxd7 Qxd7 23. Rxa4 Nbxd5 24. Nxd5 Qxd5 25. Rxa5 Rbd8 26. Qxd5 Nxd5 27. g3
Nb4 28. Kg2 Nc6 1/2-1/2

[Event "Int. Stuttgarter Stadtmeisterschaft A"]
[Site "Ditzingen"]
[Date "2018.05.11"]
[Round "3.6"]
[White "Schroeter, Samuel"]
[Black "Koepke, Christian"]
[Result "1-0"]
[WhiteElo "2125"]
[BlackElo "2328"]
[PlyCount "71"]
[EventDate "2018.??.??"]
[WhiteTeam "SC Böblingen"]
[BlackTeam "SC Garching"]

1. c4 f5 2. Nf3 Nf6 3. Nc3 d6 4. g3 g6 5. Bg2 Bg7 6. d3 O-O 7. Bg5 h6 8. Bd2 e5
9. c5 Nc6 10. cxd6 cxd6 11. O-O Be6 12. e4 f4 13. d4 exd4 14. Nd5 fxg3 15.
Nxf6+ Rxf6 16. hxg3 Qb6 17. Nh4 g5 18. Nf5 Bxf5 19. exf5 Rxf5 20. b4 Raf8 21.
Qb3+ Kh8 22. Be4 R5f7 23. Rae1 Ne5 24. f4 Ng4 25. Qe6 gxf4 26. Qxg4 d5 27. Bd3
f3 28. Bf4 Qf6 29. Rxf3 Re7 30. Rxe7 Qxe7 31. Qg6 Bf6 32. Qxh6+ Kg8 33. Qg6+
Qg7 34. Qh5 Rd8 35. Bh6 Qf7 36. Qf5 1-0

[Event "Int. Stuttgarter Stadtmeisterschaft A"]
[Site "Ditzingen"]
[Date "2018.05.11"]
[Round "3.7"]
[White "Reuss, Andreas"]
[Black "Jerie, Sven"]
[Result "0-1"]
[WhiteElo "2346"]
[BlackElo "2078"]
[PlyCount "64"]
[EventDate "2018.??.??"]
[BlackTeam "SG Ludwigsburg"]

1. d4 Nf6 2. c4 g6 3. d5 Bg7 4. Nc3 d6 5. e4 e5 6. f3 a5 7. Be3 Nbd7 8. Nh3 Nc5
9. Nf2 Bd7 10. g4 h5 11. g5 Ng8 12. Nd3 b6 13. b3 f5 14. h4 Ne7 15. Rb1 O-O 16.
Be2 Qc8 17. a3 fxe4 18. fxe4 Bg4 19. Nf2 Bxe2 20. Kxe2 a4 21. bxa4 Qa6 22. Rb4
Rf7 23. Qf1 Raf8 24. Qh3 c6 25. Rd1 cxd5 26. exd5 Nf5 27. Nfe4 Nd4+ 28. Kd2
Ndb3+ 29. Kc2 Rf3 30. Qg2 Rxe3 31. Rxb3 Nxe4 32. Nxe4 Qxc4+ 0-1

[Event "Int. Stuttgarter Stadtmeisterschaft A"]
[Site "Ditzingen"]
[Date "2018.05.11"]
[Round "3.8"]
[White "Pogan, Nikolas"]
[Black "Schulte, Torsten"]
[Result "1-0"]
[WhiteElo "2223"]
[BlackElo "2094"]
[PlyCount "47"]
[EventDate "2018.??.??"]
[WhiteTeam "Heilbronner SV"]
[BlackTeam "SC Böblingen"]

1. d4 Nf6 2. c4 e6 3. Nf3 d5 4. g3 dxc4 5. Qa4+ Bd7 6. Qxc4 Bc6 7. Bg2 Be7 8.
Nc3 O-O 9. O-O Nbd7 10. Qd3 Nb6 11. e4 Na4 12. Nxa4 Bxa4 13. b3 Bc6 14. Ne5 Be8
15. Rd1 Nd7 16. Nc4 Nb6 17. Na5 Rb8 18. Bf4 Bd6 19. e5 Bb4 20. Nxb7 Qe7 21. Bd2
Nd5 22. Bxb4 Qxb4 23. Bxd5 exd5 24. Nc5 1-0

[Event "Int. Stuttgarter Stadtmeisterschaft A"]
[Site "Ditzingen"]
[Date "2018.05.11"]
[Round "3.9"]
[White "Dudek, Richard"]
[Black "Zeiler, Klaus"]
[Result "1-0"]
[WhiteElo "2231"]
[BlackElo "2063"]
[PlyCount "61"]
[EventDate "2018.??.??"]
[WhiteTeam "SC Eppingen"]
[BlackTeam "SC Pfullendorf"]

1. e4 e6 2. d4 d5 3. Nd2 Nf6 4. e5 Nfd7 5. Bd3 c5 6. c3 Nc6 7. Ne2 cxd4 8. cxd4
f6 9. exf6 Nxf6 10. Nf3 Bd6 11. O-O O-O 12. Bf4 Nh5 13. Bxd6 Qxd6 14. Ng5 g6
15. f4 Ng7 16. Qe1 Nf5 17. Qf2 Qb4 18. Nf3 Qe7 19. g4 Nd6 20. Rae1 Bd7 21. Qe3
Qg7 22. Ne5 Nxe5 23. dxe5 Nf7 24. Nd4 Nd8 25. Kh1 Nc6 26. f5 exf5 27. gxf5 Nxd4
28. Qxd4 Bc6 29. f6 Qc7 30. e6 Qb6 31. f7+ 1-0

[Event "Int. Stuttgarter Stadtmeisterschaft A"]
[Site "Ditzingen"]
[Date "2018.05.11"]
[Round "3.10"]
[White "Migl, Dieter"]
[Black "Leutwyler, Martin"]
[Result "1/2-1/2"]
[WhiteElo "2170"]
[BlackElo "2193"]
[PlyCount "67"]
[EventDate "2018.??.??"]
[WhiteTeam "Stuttgarter SF"]
[BlackTeam "SF Gottmadingen"]

1. e4 c6 2. Nc3 d5 3. Nf3 Bg4 4. h3 Bxf3 5. Qxf3 e6 6. a3 Bc5 7. d3 Nd7 8. g3
Ne7 9. Bg2 Qc7 10. O-O O-O 11. Kh1 f5 12. exd5 exd5 13. Bf4 Bd6 14. Bxd6 Qxd6
15. Rfe1 Ng6 16. Ne2 f4 17. Nxf4 Nxf4 18. gxf4 Rxf4 19. Qg3 Raf8 20. c3 Qf6 21.
Kg1 Rxf2 22. Rf1 Rxf1+ 23. Rxf1 Qd8 24. Qd6 Rxf1+ 25. Bxf1 Qg5+ 26. Kh1 Qf6 27.
Qxd7 Qxf1+ 28. Kh2 h6 29. Qxb7 Qxd3 30. Qxc6 Qe2+ 31. Kh1 Qf1+ 32. Kh2 Qe2+ 33.
Kh1 Qf1+ 34. Kh2 1/2-1/2

[Event "Int. Stuttgarter Stadtmeisterschaft A"]
[Site "Ditzingen"]
[Date "2018.05.11"]
[Round "3.11"]
[White "Latzke, Boris"]
[Black "Reindl, Arno"]
[Result "1/2-1/2"]
[WhiteElo "2217"]
[BlackElo "2028"]
[PlyCount "83"]
[EventDate "2018.??.??"]
[WhiteTeam "SK Bebenhausen"]
[BlackTeam "SG Schwäbisch Gmünd"]

1. d4 Nf6 2. c4 g6 3. Nc3 d5 4. cxd5 Nxd5 5. Bd2 Bg7 6. e4 Nxc3 7. Bxc3 O-O 8.
Nf3 c5 9. d5 Bg4 10. Bxg7 Kxg7 11. Be2 Nd7 12. Qd2 Rc8 13. O-O Nf6 14. Qf4 e5
15. dxe6 Bxe6 16. Rfd1 Qe7 17. Ng5 Rcd8 18. e5 Nd5 19. Qg3 f6 20. Ne4 Bf5 21.
Nd6 fxe5 22. Rxd5 Rxd6 23. Rxc5 Rd1+ 24. Rxd1 Qxc5 25. b3 Rf6 26. Qe3 Qxe3 27.
fxe3 Be4 28. Bc4 Bc6 29. Rd8 Rf8 30. Rd2 Rf6 31. b4 a6 32. Rd8 Rf8 33. Rd6 Rf6
34. Rd8 Rf8 35. Rxf8 Kxf8 36. Kf2 Ke7 37. Bg8 Kf8 38. Bb3 Ke7 39. g3 Kd6 40.
Ke2 Be4 41. Kd2 g5 42. Kc3 1/2-1/2

[Event "Int. Stuttgarter Stadtmeisterschaft A"]
[Site "Ditzingen"]
[Date "2018.05.11"]
[Round "3.12"]
[White "Tran, Thanh Kien"]
[Black "Döring, Stefan"]
[Result "1-0"]
[WhiteElo "2194"]
[BlackElo "1983"]
[PlyCount "69"]
[EventDate "2018.??.??"]
[WhiteTeam "SC Böblingen"]
[BlackTeam "SC Tamm"]

1. d4 d5 2. c4 c6 3. cxd5 cxd5 4. Bg5 Qb6 5. Nc3 e6 6. Qd2 Nc6 7. e3 Bd6 8. Nf3
Bd7 9. Be2 Nge7 10. O-O Ng6 11. e4 dxe4 12. Nxe4 Bb4 13. Qd3 Be7 14. Bxe7 Ncxe7
15. Ne5 Nf4 16. Nxd7 Qxb2 17. Qf3 Nxe2+ 18. Kh1 Nf5 19. Rfb1 Qxd4 20. Rd1 Qc4
21. g4 Ned4 22. Qf4 Qd5 23. gxf5 Kxd7 24. fxe6+ fxe6 25. Qg4 Kc6 26. Rac1+ Kb6
27. Rxd4 Qxd4 28. Qxe6+ Ka5 29. Nc5 Qf4 30. Nb3+ Kb4 31. Qe7+ Ka4 32. Nc5+ Ka5
33. Nxb7+ Kb6 34. Qc5+ Kxb7 35. Qb5# 1-0

[Event "Int. Stuttgarter Stadtmeisterschaft A"]
[Site "Ditzingen"]
[Date "2018.05.11"]
[Round "3.13"]
[White "Scholtes, Benedikt"]
[Black "Klings, Peter"]
[Result "1/2-1/2"]
[WhiteElo "2028"]
[BlackElo "2142"]
[PlyCount "95"]
[EventDate "2018.??.??"]
[WhiteTeam "SG Trier"]
[BlackTeam "Freibauer Mörlenbach"]

1. c4 e5 2. Nc3 Nf6 3. g3 Nc6 4. Bg2 Bc5 5. e4 a6 6. Nge2 d6 7. d3 h6 8. h3 Nh7
9. O-O Ng5 10. Kh2 Ne6 11. f4 h5 12. Bf3 h4 13. g4 exf4 14. Nxf4 Bd4 15. Bg2
Be5 16. Kh1 Ncd4 17. Nce2 c6 18. Be3 Nxf4 19. Bxf4 Be6 20. Nxd4 Bxd4 21. Qd2
Rb8 22. Rac1 c5 23. b4 b6 24. bxc5 bxc5 25. Rb1 Rxb1 26. Rxb1 Be5 27. Bg5 f6
28. Be3 O-O 29. Bf2 g5 30. Be1 Qa8 31. Qc2 Bd7 32. Qb3 Qc6 33. Bd2 Qa4 34. Bf3
Qxb3 35. Rxb3 Ba4 36. Rb6 Bc2 37. Be2 a5 38. Kg2 a4 39. Bc1 Kf7 40. Bb2 a3 41.
Bxe5 dxe5 42. Ra6 Rb8 43. Rxa3 Rb1 44. Kf2 Bd1 45. Bf1 Rb2+ 46. Ke3 Rb1 47. Kf2
Rb2+ 48. Ke3 1/2-1/2

[Event "Int. Stuttgarter Stadtmeisterschaft A"]
[Site "Ditzingen"]
[Date "2018.05.11"]
[Round "3.14"]
[White "Gustain, Marc"]
[Black "Jaster, Dirk"]
[Result "1-0"]
[WhiteElo "2152"]
[BlackElo "1849"]
[PlyCount "44"]
[EventDate "2018.??.??"]
[WhiteTeam "SF Deizisau"]
[BlackTeam "SC Feuerbach"]

1. e4 c6 2. d4 d5 3. f3 e6 4. Nc3 b6 5. Bf4 Nf6 6. Qd2 Be7 7. O-O-O b5 8. Bd3
Na6 9. Kb1 Nb4 10. Nce2 a5 11. Nh3 a4 12. Nf2 Na6 13. Be5 Bd7 14. g4 Qb6 15.
Ng3 O-O-O 16. f4 Nxg4 17. Nxg4 f6 18. f5 fxe5 19. Nxe5 exf5 20. exd5 Qxd4 21.
Nxd7 cxd5 22. Bxb5 Qxd2 1-0

[Event "Int. Stuttgarter Stadtmeisterschaft A"]
[Site "Ditzingen"]
[Date "2018.05.11"]
[Round "3.15"]
[White "Lehmann, Stefan"]
[Black "Kuberczyk, Christoph"]
[Result "1/2-1/2"]
[WhiteElo "1922"]
[BlackElo "2244"]
[PlyCount "94"]
[EventDate "2018.??.??"]
[WhiteTeam "Ssg Fils-Lauter"]
[BlackTeam "SV Diag.Harburg"]

1. e4 c5 2. Nc3 g6 3. d4 cxd4 4. Qxd4 Nf6 5. Nf3 Nc6 6. Qa4 d6 7. e5 dxe5 8.
Nxe5 Bd7 9. Nxd7 Nxd7 10. Be3 Bg7 11. Bb5 O-O 12. Rd1 Qc8 13. O-O Nde5 14. Nd5
Re8 15. Qh4 e6 16. Bxc6 Nxc6 17. Nf6+ Bxf6 18. Qxf6 Qc7 19. Bg5 Qe5 20. Rd7
Qxf6 21. Bxf6 Rab8 22. c4 e5 23. f4 e4 24. f5 e3 25. fxg6 hxg6 26. Bc3 Ne5 27.
Bxe5 Rxe5 28. Re1 a5 29. g3 b5 30. cxb5 Rbxb5 31. b3 Rbc5 32. Re2 Rc3 33. Kg2
Kg7 34. Rd4 g5 35. g4 f5 36. gxf5 Kf6 37. h4 Rxf5 38. hxg5+ Rxg5+ 39. Kf3 Ke5
40. Re4+ Kd5 41. R4xe3 Rxe3+ 42. Rxe3 Kc5 43. Re4 Rh5 44. Ra4 Kb5 45. Ke3 Rh3+
46. Kd2 Rh2+ 47. Kc3 Rg2 1/2-1/2

[Event "Int. Stuttgarter Stadtmeisterschaft A"]
[Site "Ditzingen"]
[Date "2018.05.11"]
[Round "3.16"]
[White "Rohde, Patrick"]
[Black "Denisow, Jewgeny"]
[Result "1-0"]
[WhiteElo "1953"]
[BlackElo "2204"]
[PlyCount "125"]
[EventDate "2018.??.??"]
[WhiteTeam "Elmshorner SC"]
[BlackTeam "SG Schwäbisch Gmünd"]

1. e4 c5 2. Nf3 d6 3. d4 cxd4 4. Nxd4 Nf6 5. Nc3 a6 6. f3 e5 7. Nb3 Be6 8. Be3
Nbd7 9. Qd2 Qc7 10. O-O-O b5 11. g4 Nb6 12. Bxb6 Qxb6 13. Nd5 Bxd5 14. exd5 Be7
15. h4 Rc8 16. h5 h6 17. Kb1 Nd7 18. f4 Nc5 19. fxe5 Ne4 20. Qe1 Nc3+ 21. bxc3
O-O 22. Bd3 Rc4 23. Qf1 dxe5 24. Bxc4 bxc4 25. Qxc4 a5 26. d6 Bxd6 27. Rxd6
Qxd6 28. Nxa5 Ra8 29. Nc6 Qc7 30. Rf1 Rb8+ 31. Ka1 Rb6 32. Nxe5 Qxe5 33. Qxf7+
Kh7 34. Qf5+ Qxf5 35. Rxf5 g5 36. hxg6+ Kxg6 37. Rf4 Kg5 38. Rd4 Kf6 39. a4 Ke7
40. Ka2 Rc6 41. Kb3 Rb6+ 42. Rb4 Ra6 43. Kc4 Rc6+ 44. Kd3 Ra6 45. c4 Rg6 46. c5
Kd7 47. Rc4 Kc6 48. a5 Rg8 49. a6 Ra8 50. Ra4 Kxc5 51. Ke4 Kb5 52. Ra2 Kb6 53.
a7 Kb7 54. Kf5 Rf8+ 55. Kg6 Ka8 56. Kxh6 Rh8+ 57. Kg7 Rh2 58. g5 Rg2 59. g6 Rf2
60. Kg8 Rg2 61. g7 Rf2 62. Ra6 Rxc2 63. Re6 1-0

[Event "Int. Stuttgarter Stadtmeisterschaft A"]
[Site "Ditzingen"]
[Date "2018.05.11"]
[Round "3.17"]
[White "Wezel, Sebastian"]
[Black "Meier, Desiderius"]
[Result "1-0"]
[WhiteElo "1867"]
[BlackElo "2013"]
[PlyCount "101"]
[EventDate "2018.??.??"]
[WhiteTeam "SV Dettingen Erms"]
[BlackTeam "SK Gräfelfing"]

1. e4 Nf6 2. e5 Nd5 3. c4 Nb6 4. d4 d6 5. exd6 cxd6 6. d5 e5 7. Nc3 Be7 8. Bd3
O-O 9. Nge2 Na6 10. b3 Nc5 11. Bb1 Bg4 12. O-O f5 13. f3 Bh5 14. Ng3 Bg6 15. f4
e4 16. a4 Nbd7 17. Ra2 Qb6 18. Be3 Qxb3 19. Qxb3 Nxb3 20. Rb2 Na5 21. Rb4 Rfc8
22. Ba2 a6 23. Nce2 Nc5 24. Nd4 Rf8 25. Rb6 Nxa4 26. Ne6 Rfc8 27. Rc1 h5 28.
Rb4 b5 29. cxb5 Rxc1+ 30. Bxc1 Nc3 31. Bc4 Nxc4 32. Rxc4 Nxb5 33. Bb2 Bf8 34.
h4 a5 35. Rc6 Be8 36. Rb6 g6 37. Rb7 Ra7 38. Rb8 Kf7 39. Ng5+ Ke7 40. Nh7 Bh6
41. Bf6+ Kf7 42. Ne2 Nc7 43. Bd4 Ra8 44. Rb7 Rc8 45. Bb6 Bb5 46. Nd4 Ba6 47.
Ra7 Bxf4 48. Ne6 Be5 49. Bxc7 Kg8 50. Nhf8 Rxf8 51. Rxa6 1-0

[Event "Int. Stuttgarter Stadtmeisterschaft A"]
[Site "Ditzingen"]
[Date "2018.05.11"]
[Round "3.18"]
[White "Reck, Moritz"]
[Black "Poysti, Nathanael"]
[Result "0-1"]
[WhiteElo "2134"]
[BlackElo "1977"]
[PlyCount "108"]
[EventDate "2018.??.??"]
[WhiteTeam "TSV Schönaich"]

1. e4 c5 2. Nc3 d6 3. g3 Nc6 4. Bg2 g6 5. d3 Bg7 6. Be3 Rb8 7. Qd2 b5 8. f4 b4
9. Nd1 e6 10. Nf3 Nge7 11. O-O O-O 12. Nh4 f5 13. Nf3 Nd4 14. h4 Nec6 15. Ng5
h6 16. Nh3 Qb6 17. c3 Nb5 18. h5 gxh5 19. Rc1 Bd7 20. exf5 bxc3 21. bxc3 exf5
22. Bd5+ Kh8 23. Bf3 Qa5 24. Qg2 Ne7 25. Bxh5 Ng8 26. Bf3 Nf6 27. Qd2 Rfe8 28.
Nhf2 Re7 29. Kh2 Rbe8 30. Rg1 h5 31. Kg2 Ng4 32. Nxg4 hxg4 33. Rh1+ Kg8 34.
Bd5+ Be6 35. Bxe6+ Rxe6 36. Rh5 Nd4 37. cxd4 Qxd2+ 38. Bxd2 Re2+ 39. Nf2 Rxd2
40. Kg1 Bxd4 41. Rg5+ Kh7 42. Rf1 Ree2 43. Rxf5 Rxf2 44. Rxf2 Rxf2 45. Kh1 Rxa2
46. Rh5+ Kg6 47. Rg5+ Kf6 48. Rxg4 a5 49. Rh4 a4 50. Rh6+ Kf5 51. Rxd6 a3 52.
Ra6 Kg4 53. f5 Kxf5 54. g4+ Kf4 0-1

[Event "Int. Stuttgarter Stadtmeisterschaft A"]
[Site "Ditzingen"]
[Date "2018.05.11"]
[Round "3.19"]
[White "Afonso, Nils"]
[Black "Schwab, Matthias"]
[Result "1-0"]
[WhiteElo "1911"]
[BlackElo "2117"]
[PlyCount "113"]
[EventDate "2018.??.??"]
[WhiteTeam "SF Kornwestheim"]
[BlackTeam "SC Böblingen"]

1. d4 Nf6 2. c4 e6 3. Nc3 Bb4 4. Qc2 d5 5. cxd5 exd5 6. a3 Bxc3+ 7. bxc3 c5 8.
Nf3 Qa5 9. Bd2 Ne4 10. e3 c4 11. Ne5 Nd6 12. f3 f6 13. Ng4 Bf5 14. Qb2 O-O 15.
Nf2 Qc7 16. g4 Bg6 17. Bg2 Nc6 18. O-O Rae8 19. Rae1 f5 20. gxf5 Nxf5 21. Qb5
Nce7 22. f4 Rd8 23. e4 Nd6 24. Qa4 dxe4 25. Nxe4 Nxe4 26. Bxe4 Bxe4 27. Rxe4
Nf5 28. Re5 b6 29. Qb5 Qf7 30. Rf2 Rd6 31. Rfe2 Rdd8 32. Qc6 Qg6+ 33. Qxg6 hxg6
34. Kg2 Kf7 35. a4 Rfe8 36. Bc1 Ne7 37. Kf3 Nd5 38. Bd2 Rxe5 39. fxe5 Ke6 40.
Ke4 Rh8 41. Rg2 Rh4+ 42. Kf3 Rh3+ 43. Rg3 Rxh2 44. Rxg6+ Kf7 45. Rd6 Rxd2 46.
Rxd5 Ke6 47. Rd6+ Kf5 48. e6 Rd3+ 49. Ke2 Kf6 50. d5 Rh3 51. Rd7 Rh8 52. e7 Re8
53. d6 a6 54. Kf3 b5 55. axb5 axb5 56. Rd8 Kf7 57. d7 1-0